| 000 | 01176cam a2200301 a 4500 | ||
|---|---|---|---|
| 999 |
_c331944 _d331944 |
||
| 001 | 655200 | ||
| 003 | NUST | ||
| 005 | 20171103115026.0 | ||
| 008 | 941229s1995 flua b 001 0 eng | ||
| 010 | _a 94047108 | ||
| 020 | _a0849382831 (acidfree paper) | ||
| 040 |
_aDLC _cDLC _dDLC |
||
| 050 | 0 | 0 |
_aTD430 _b.V54 1995 |
| 082 | 0 | 0 |
_a628.162 VIG _220 |
| 100 | 1 |
_aVigneswaran, Saravanamuthu, _d1952- _95918 |
|
| 245 | 1 | 0 |
_aWater treatment processes : _bsimple options / _cS. Vigneswaran, C. Visvanathan. |
| 260 |
_aBoca Raton : _bCRC Press, _cc1995. |
||
| 300 |
_a215 p. : _bill. ; _c25 cm. |
||
| 440 | 0 |
_aNew directions in civil engineering _95919 |
|
| 500 | _aH.B | ||
| 504 | _aIncludes bibliographical references and index. | ||
| 650 | 0 |
_aWater _xPurification. _9264 |
|
| 650 | 0 |
_aAppropriate technology. _94905 |
|
| 700 | 1 |
_aVisvanathan, C. _95920 |
|
| 856 | 4 | 2 |
_3Publisher description _uhttp://www.loc.gov/catdir/enhancements/fy0744/94047108-d.html |
| 906 |
_a7 _bcbc _corignew _d1 _eocip _f19 _gy-gencatlg |
||
| 942 |
_2ddc _cBK _kIESE |
||